Normal view
MARC view
- Narrative art
Entry Topical Term
001 - CONTROL NUMBER
- control field: 39839
003 - CONTROL NUMBER IDENTIFIER
- control field: OSt
005 - DATE AND TIME OF LATEST TRANSACTION
- control field: 20160418135242.0
008 - FIXED-LENGTH DATA ELEMENTS
- fixed length control field: 160418|| aca||babn | a|a d
040 ## - CATALOGING SOURCE
- Original cataloging agency: OSt
150 ## - HEADING--TOPICAL TERM
- Topical term or geographic name as entry element: Narrative art
450 ## - SEE FROM TRACING--TOPICAL TERM
- Topical term or geographic name entry element: Art, Narrative
450 ## - SEE FROM TRACING--TOPICAL TERM
- Topical term or geographic name entry element: Narrative art (Visual arts)
550 ## - SEE ALSO FROM TRACING--TOPICAL TERM
- Topical term or geographic name entry element: Art genres